| 000 | 00684nam a2200169 a 4500 | ||
|---|---|---|---|
| 008 | 130829s2010 ||||||||||||||||| || u | ||
| 020 | _a9780230228719 | ||
| 050 | _aJZ 841 EVA | ||
| 100 | _aHahn, Kristina | ||
| 245 | 1 | 0 |
_aEvaluating transnational NGOs: legitimacy, accountability, representation _cedited by Jens Steffek and Kristina Hahn |
| 260 |
_aHampshire: _bPalgrave MacMillian _c2010 |
||
| 300 | _axiv, 271p. | ||
| 650 | 0 | _aINTERNATIONAL AGENCIES | |
| 650 | 0 | _aNON-GOVERNMENTAL ORGANIZATIONS | |
| 700 | _aSteffek, Jens | ||
| 995 |
_FCBU-MAIN LIBRARY (Kitwe) _M1 _UAVAILABLE _WSep 5, 2013 _ZMain Library Open Access Collection |
||
| 999 |
_c42640 _d42640 |
||